El puerto de San Antonio 1590-1900

Guardat en:
Dades bibliogràfiques
Autor principal: Pérez Ruiz, Roberto A (Autor)
Format: Llibre
Idioma:espanyol
Publicat: Santiago, Chile Universidad de Santiago de Chile 1990
Col·lecció:Cuadernos de humanidades. Historia serie 4, 11
Matèries:
Etiquetes: Afegir etiqueta
Sense etiquetes, Sigues el primer a etiquetar aquest registre!

MARC

LEADER 00000nam a2200000 a 4500
001 UCX2821
003 CL-VaPUC
005 20211120074335.0
008 910819e19900000CL |||||||||||||||||spa|d
999 |c 223759  |d 223757 
040 |c Pontificia Universidad Católica de Valparaíso 
082 0 4 |a 983.258 PER 1990  |2 21 
100 0 |a Pérez Ruiz, Roberto A  |e author  |9 318915 
245 1 3 |a El puerto de San Antonio 1590-1900 
260 |a Santiago, Chile  |b Universidad de Santiago de Chile  |c 1990 
300 |a 88 páginas 
490 0 |a Cuadernos de humanidades. Historia serie 4,  |v  11 
583 |a last modification  |c 19910819 00:00:00  |k Rodrigo Vera 
650 0 |a Puertos  |z SAN ANTONIO  |9 260105 
650 0 |a Historia  |x TRANSPORTE MARITIMO  |z SAN ANTONIO  |z CHILE  |9 255047 
852 |a BIBCUR 
942 |c BK  |2 ddc 
945 |d 19910819 00:00:00 
952 |0 0  |1 0  |2 ddc  |4 0  |6 983_258000000000000_PER_1990  |7 0  |8 A  |9 219853  |a BIBHIS  |b BIBHIS  |d 2019-11-15  |i 2885352  |o 983.258 PER 1990  |p 2885352  |r 2019-11-15  |t 1  |w 2019-11-15  |y BK  |k HIS